00516nam a2200157 i 4500001000300000100002500003245008100028260002100109040000800130041000800138942000700146008004100153999001700194856009800211952004900309bg1 aŻUCHOWSKI, Ryszard 0aZmęczenie cieplne metali i elementów konstrukcji /cRyszard Żuchowski. aWrocław,c1981. cBPK apol cKS s pl f |000 0 pol  c20384d20384 uhttp://koha.tu.koszalin.pl/cgi-bin/koha/opac-detail.pl?biblionumber=20384yKatalog online BPK 00104070aBPKbBPKcwo28738p01659795yKS